LEADER 00983cam0 2200277 450 001 000014123 005 20081219133209.0 010 $a0465015905 010 $a0465015921 100 $a20080707d1982----km-y0itay50------ba 101 0 $aeng 102 $aUS 105 $ay-------001yy 200 1 $a<>deindustrialization of America$eplant closings, community abandonment, and the dismantling of basic industry$fBarry Bluestone, Bennett Harrison 210 $aNew York$cBasic books$dc1982 215 $aX, 323 p.$d25 cm 500 10$a<>deindustrialization of America$936206 610 1 $aStati Uniti d'America$aIndustria$aCrisi economiche$a1970-1980 676 $a338.0973$v19$9Produzione. Stati Uniti 700 1$aBluestone,$bBarry$0143524 701 1$aHarrison,$bBennett$0118483 801 0$aIT$bUNIPARTHENOPE$c20080707$gRICA$2UNIMARC 912 $a000014123 951 $a933/19$b6892$cNAVA2 996 $aDeindustrialization of America$936206 997 $aUNIPARTHENOPE LEADER 00947nam0 2200277 i 450 001 996257349203316 005 20180605115801.0 010 $a978-88-921-1462-3 100 $a20180528d2018----||||0itac50 ba 101 $aita 102 $aIT 200 1 $a<> lavoratori di stati terzi nel diritto dell'Unione europea$fMarco Evola 210 $aTorino$cGiappichelli$d2018 215 $aVII, 305 p.$d24 cm 225 $aCollana di scienze giuridiche e sociali$iRicerca$v14 410 0$12001$aCollana di scienze giuridiche e sociali$iRicerca$fLUMSA Università$v14 606 0 $aLavoratori$xTutela$yPaesi dell'Unione europea$2BNCF 676 $a344.40162 700 1$aEVOLA,$bMarco$0753957 801 0$aIT$bsalbc$gISBD 912 $a996257349203316 951 $aXXIII.4.K. 1114$b87791 L.M.$cXXIII.4.K.$d414368 959 $aBK 969 $aGIU 996 $aLavoratori di stati terzi nel diritto dell'Unione europea$91516880 997 $aUNISA